Marketing management : (Record no. 7476)

MARC details
000 -LEADER
fixed length control field 00821 a2200229 4500
005 - DATE AND TIME OF LATEST TRANSACTION
control field 20081014104823.0
008 - FIXED-LENGTH DATA ELEMENTS--GENERAL INFORMATION
fixed length control field 081014t xxu||||| |||| 00| 0 eng d
010 ## - LCCN (DPL NO)
LC control number ENG-87961
020 ## - INTERNATIONAL STANDARD BOOK NUMBER
International Standard Book Number 8183186033
Terms of availability 225.00
035 ## - SYSTEM CONTROL NUMBER
System control number EN-71494
037 ## - SOURCE OF ACQUISITION
Source of stock number/acquisition DBAD / PUB
082 ## - DEWEY DECIMAL CLASSIFICATION NUMBER
Classification number 658.8
100 ## - MAIN ENTRY--PERSONAL NAME
Personal name Karunakaran, K.
245 ## - TITLE STATEMENT
Title Marketing management :
Remainder of title (text & cases in Indian context )/
Statement of responsibility, etc by K. Karunakaran
250 ## - EDITION STATEMENT
Edition statement Ist ed.
260 ## - PUBLICATION, DISTRIBUTION, ETC. (IMPRINT)
Place of publication, distribution, etc New Delhi
Name of publisher, distributor, etc Himalaya Publishing House
Date of publication, distribution, etc 2007
270 ## - ADDRESS
Address Pooja Apartments, 4-B, Murari Lal Street, Ansari Road, Darya Ganj
City New Delhi
Postal code 110 002
300 ## - PHYSICAL DESCRIPTION
Extent xi, 420 p.
Dimensions 23 cm (pbk)
500 ## - GENERAL NOTE
General note Includes bibliograpgical references
942 ## - ADDED ENTRY ELEMENTS (KOHA)
Institution code [OBSOLETE] dpl
Item type English Books
Source of classification or shelving scheme Dewey Decimal Classification
Call number suffix KAR
Holdings
Withdrawn status Lost status Source of classification or shelving scheme Damaged status Not for loan Collection code Home library Current library Source of acquisition Cost, normal purchase price Total Checkouts Full call number Barcode Date last seen Copy number Cost, replacement price Koha item type
    Dewey Decimal Classification   Not For Loan Non-fiction D.B.Act.Division D.B.Act.Division DBAD/PUB 225.00   658.8 KAR EN-71494 15/09/2008 1 225.00 English Books

© Delhi Public Library
Hit Counter
free hit counter